Music Quiz

Random Music or Kpop Quiz

~Guess my Bias~ Quiz Stats

 Plays Quiz not verified by Sporcle

Score 0/15 Timer 14:00
0 Plays Today
Description Name % Correct
Rapper. Agust D.Yoongi
96.8%
Taiwanese American. ....-son forever.Mark
92%
Bald. Wants to kill Chanyeol. JkKyungsoo
89.6%
Always has a new hair color. Solo as well.GD
89.6%
Fashion King. Kibum
85.6%
Leader. Soft Bear.Shownu
80.5%
Performance Team member. Tall. Chinese.Jun
79.5%
Was going to be a member of Seventeen. Debut song Sixteen.Samuel
76.5%
Description Name % Correct
Main Vocalist. Knows Taekwondo.Leo
74.9%
Friends with Chanwoo(ikon) and SinB(Gfriend) Childhood actor.Moonbin
73.8%
Squirtle. In Nu'est W. Leader.JR
68.5%
Oldest member. Leader.Jisung
67.7%
Bob the Builder Sungjin
56.8%
Deep voice. Can speak English. Rapper.Lou
19.4%
Was on Produce 101 S2. In YDPP. Jeong Sewoon
13.8%

You're not logged in!

Compare scores with friends on all Sporcle quizzes.
OR
Log In

Show Comments

Extras

Top Quizzes Today


Score Distribution

Your Account Isn't Verified!

In order to create a playlist on Sporcle, you need to verify the email address you used during registration. Go to your Sporcle Settings to finish the process.

Report this User

Report this user for behavior that violates our Community Guidelines.

Details: